000 01010nam a22002057a 4500
999 _c63951
_d63951
005 20260226153814.0
008 260226s2005 enk|||||s|||| 00| 0 eng d
020 _a9781901903812x
041 _aeng
080 _a327(510:520) H-68
100 _aHirakawa, Sukehiro
_926994
245 _aJapan's love-hate relationship with the West /
_cSukehiro Hirakawa.
264 _aKent :
_bGlobal oriental,
_c2005.
300 _a557 p. ;
_b23 cm.
653 _aიაპონია-დასავლეთის საერთაშორისო ურთიერთობები
653 _aდასავლეთ-იაპონიის საერთაშორისო ურთიერთობები
653 _aიაპონია-ჩინეთის საერთაშორისო ურთიერთობები
653 _aიაპონური ლიტერატურის ისტორია და კრიტიკა
942 _2udc
_cᲬᲘᲒᲜᲘ